1616 1056 1749 1723 1819 1002 1032 1115 1313 1392 1679 1731 1567 1869 1755 1947 1171 1534 1835 1735 1990 1729 1641 1977 1864 1830 1434 1508 1650 1622 1524 1777 1571 1616 1568 1059 1086 1580 1632 1682 1926 1037 1071 1360 1922 1126 1550 1141 1213 1527 1106 1339 1374 1921 1477 1502 1113 1762 1085 1907 1103 1454 1936 1775 1352 1932 1888 1653 1190 1269 1175 1069 1311 1473 1953 1404 1412 1710 1453 1498 1786 1265 1700 1937 1491 1558 1978 1956 1458 1685 1809 1467 1947 1569 1661 1205 1496 1120 1389 BCNSPRNW ULIB Ver.6.0+V

เปลี่ยนเป็นภาษาไทย

Change to English
 แสดงรายละเอียดบรรณานุกรม
  กลับหน้าหลัก

Brief Record : Get Marc (ISO 2709) : E-mail record : QR code < ปิดหน้าต่าง
LEADER : 00000nam 2200000uu 4500
001    13399115184
003     ULIB
008    120720s2006||||th 000 0 tha d
020    9780071117036
060 04 ^aQS4^bG111A 2006
100 1  ^aStanley E.Gunstream
245 10 ^aAnatomy and physiology /^c[by] Stanley E.Gunstream
260    ^aNew York
650  2 ^aAnatomy^vOutlines
650  2 ^aPhysiology^vOutlines
945    ^p0^l0^i24828
995    ^akanchaporn
999 ^a ใช้งานได้ทุกระบบ
รายการนี้ยังไม่มีแท็ก
คุณยังไม่ได้ล็อกอิน คุณสามารถมีกิจกรรมร่วมกับเว็บไซต์ได้ แต่ต้องล็อกอินก่อน ::
  ล็อกอิน

รายการสื่อสารสนเทศ

ลำดับที่ ประเภท เลขเรียก/บาร์โค้ด สถานที่ สถานะ
- ไม่พบข้อมูล -

BibComment


ยังไม่เคยถูกคอมเมนท์

คอมเมนท์ทรัพยากรรายการนี้
  คอมเมนท์: Anatomy and phys..


 Copyright 2026. Bcnsprnw @Library